000
00289nam a2200133Ia 4500
008
221030s9999 xx 000 0 und d
041
_a
English
082
_a
105.23
100
_a
S. Sheldon
245
4
_a
The Stars Shine Down
_c
by S. Sheldon
260
_c
0
650
_a
B
942
_c
BK
999
_c
12578
_d
12578